| 000 | 00726nac a22002417a 4500 | ||
|---|---|---|---|
| 001 | BR9511741 | ||
| 003 | BR-BrBNA | ||
| 005 | 20240105121706.0 | ||
| 008 | 230509b bl.|||m| |||| 00| 0 por d | ||
| 040 |
_aBR-BrBNA _bpor _cBiblioteca Nacional de Agricultura |
||
| 072 | _aC20 | ||
| 090 | _aC20 BR9511741 | ||
| 100 | 1 | _aSilva, M.M. da | |
| 110 | 1 |
_aEmpresa de Assistencia Tecnica e Extensao Rural do Rio Grande do Norte, Natal (Brasil) _94052 |
|
| 245 | 1 | _aUm papo sobre extensao | |
| 260 | 3 |
_aNatal, RN (Brasil): _c[nd]. |
|
| 300 | _a11 p. | ||
| 650 | _aExtensao Rural | ||
| 650 | _aAssistencia Tecnica | ||
| 650 | _aRio Grande do Norte | ||
| 909 |
_a202312 _bLúcia Elande _c55 _dLúcia Elande |
||
| 942 |
_2AGRIS _n0 _cMS |
||
| 999 |
_c286843 _d286843 |
||